000 00464nam a2200157Ia 4500
003 GCL
008 140319s9999 xx 000 0 ara d
040 _aGCL /
_cGCL
082 0 4 _aد
_b050
100 1 _aمحمود سامى ابو ريه
245 1 0 _aالفشل الكلوى : الوقاية و العلاج (اقرا 573 ) /
_cمحمود سامى ابو ريه
300 _a87
490 _aاقرأ
_v0
650 0 4 _aالفشل الكلوى
942 _2ddc
_cBK
999 _c48742
_d48742